00661nam a22001937a 450000500170000000800410001702000180005808200200007624500690009625000130016526000480017830000150022670000270024170000320026870000320030094200060033295201140033899900150045220251203011646.0251203b |||||||| |||| 00| 0 eng d a9789551772338 222a303.48bAFT aAfter the wavesbThe Imapct of the Tsunami on Wowen in Sri Lanka a2nd. Ed. aColombobSocial Scientist Associationc2009 aiv, 304 p. aDe Mel, Neloufer.eedt aRuwanpura, Kanchana N.eedt aSamarasinghe, gameela.eedt cL 001040708LaWERCLbWERCLcSSCd2025-12-03ePURg569.00l0o303.48 AFTp2403-2ndr2025-12-03w2025-12-03yL c6091d6091